000
00322nam a22001457a 4500
003
SGT
020
_a
9789387462076
082
_a
954.034
_b
P18G
100
_a
GANDHI, MAHATMA
245
_a
PRARATHNA PARVACHAN
260
_a
INDIA
_b
RAJKAMAL PARKASHAN
_c
2018
300
_a
445
650
_a
MAHATMA GANDHI
942
_2
ddc
_c
BK
999
_c
26010
_d
26010